00858cam a2200229 a 450000100100000000500170001000800410002702000150006804000250008304100130010808200250012110000210014624000570016724501110022425000110033526000440034630000440039044000320043453400650046665000620053170000350059300000155920200929145624.0000524s2001 mx ad b 001 0 spa  a9701704045 aDO-SdBNPbspacBNPHU17aenghspa a621.395bW149d, 20011 aWakerly, John F.10aDigital design. Principles and practices.lEspañol10aDiseño digital :bprincipios y prácticas /cJohn F. Wakerly ; traducción de Efrén Alatorre Miguel. a3a ed. aMéxico :bPearson Educación,c2001. axxviii, 946 p. :bil., tablas ;c24 cm. 0aPrentice Hall Xilinx design aTítulo original:tDigital design. Principles and practices 4aCircuitos integrados digitalesxDiseño y construcción1 aAlatorre Miguel, Efrén,etr.